000 00587nam a2200229Ia 4500
003 OSt
005 20220411094420.0
008 210210b1994 xxu||||| |||| 00| 0 eng d
020 _a8172960328
040 _aAL
_c
041 _aEnglish
082 _a621.381 RAOB
100 _aRAO (K S Raghavendra) and NAGARAJA (H S)
_929092
245 _aBasic electronics. V2
_b II P U C.
260 _aBangalore
_bInterline Publishing
_c1994
300 _a243
440 _a2
_929093
650 _aElectronics II PUC
_929094
690 _aElectroni
_929095
906 _a0500
942 _2ddc
_cBK
999 _c98835
_d98835